[Event "ESP-ch U10 rapid"]
[Site "Salobrena"]
[Date "2024.07.07"]
[Round "6"]
[White "Duran Abia, Lucas"]
[Black "Magan Perez, Alex"]
[Result "0-1"]
[WhiteElo "1566"]
[BlackElo "1467"]
[PlyCount "72"]
[EventDate "2024.07.06"]
[EventType "swiss (rapid)"]
[EventRounds "9"]
[EventCountry "ESP"]
[SourceTitle "EXT 2025"]
[Source "ChessBase"]
[SourceDate "2024.10.14"]
[SourceVersion "1"]
[SourceVersionDate "2024.10.14"]
[SourceQuality "1"]

1. e4 e5 2. Nf3 Nc6 3. Bc4 Nf6 4. d3 Bc5 5. c3 0-0 6. 0-0 h6 7. h3 a6 8. a4 d6 9. b4 Ba7 10. Be3 Bxe3 11. fxe3 Qe7 12. Nbd2 Be6 13. Qc2 Bxc4 14. Nxc4 b5 15. axb5 axb5 16. Ncd2 Rxa1 17. Rxa1 Nd8 18. Nf1 Ne6 19. Ng3 d5 20. Nf5 Qe8 21. Nxe5 dxe4 22. dxe4 Qb8 23. Nc6 Qb7 24. Ra7 Qb6 25. Qa2 g6 26. Ra6 Qb7 27. Nfe7+ Kh7 28. e5 Ng8 29. Nxg8 Rxg8 30. Kf2 Kg7 31. Ne7 Re8 32. Ra7 Qb6 33. Nd5 Qb8 34. Nf6 Rd8 35. Ke2 Qb6 36. Ra6 Qb8 0-1

[Event "ESP-ch U10 rapid"]
[Site "Salobrena"]
[Date "2024.07.07"]
[Round "7"]
[White "Magan Perez, Alex"]
[Black "Conan, Arthur Gabriel"]
[Result "0-1"]
[WhiteElo "1467"]
[BlackElo "1624"]
[PlyCount "138"]
[EventDate "2024.07.06"]
[EventType "swiss (rapid)"]
[EventRounds "9"]
[EventCountry "ESP"]
[SourceTitle "EXT 2025"]
[Source "ChessBase"]
[SourceDate "2024.10.14"]
[SourceVersion "1"]
[SourceVersionDate "2024.10.14"]
[SourceQuality "1"]

1. e4 e6 2. d4 d5 3. e5 c5 4. c3 Nc6 5. Nf3 Qb6 6. Be3 Qxb2 7. Nbd2 Qxc3 8. dxc5 d4 9. Rc1 Qb4 10. Rc4 Qa5 11. Nxd4 Nxe5 12. Ra4 Qc7 13. Bb5+ Bd7 14. Bxd7+ Qxd7 15. 0-0 Bxc5 16. N2f3 Nxf3+ 17. Nxf3 Qxd1 18. Rxd1 Bxe3 19. fxe3 Nf6 20. Rb4 b6 21. Rdb1 Nd5 22. Ra4 Nc3 23. Rxb6 Nxa4 24. Rb4 Nb6 25. Ne5 0-0 26. a4 Nd5 27. Rb3 Rab8 28. Rd3 Rfd8 29. Nc6 Rdc8 30. Nxb8 Rxb8 31. e4 Nb6 32. Rb3 Kf8 33. a5 Nd7 34. Rd3 Ke7 35. Kf2 Nc5 36. Rd4 Nb3 37. Ra4 a6 38. Ra3 Rb5 39. Ke3 Nxa5 40. Kd4 Nc6+ 41. Kc4 Ra5 42. Rb3 Rb5 43. Ra3 Re5 44. Rxa6 Rxe4+ 45. Kd3 Nb4+ 46. Kxe4 Nxa6 47. g4 Kf6 48. h4 Nc5+ 49. Kf4 Nd3+ 50. Ke3 Ne5 51. Kf4 Ng6+ 52. Kg3 e5 53. h5 Nf4 54. Kf3 Kg5 55. Kg3 e4 56. Kf2 Kxg4 57. h6 gxh6 58. Kf1 Kf3 59. Kg1 e3 60. Kf1 e2+ 61. Ke1 Ng2+ 62. Kd2 e1Q+ 63. Kd3 Qe4+ 64. Kd2 Qe3+ 65. Kd1 Qe2+ 66. Kc1 Ne3 67. Kb1 Nc4 68. Kc1 Qd2+ 69. Kb1 Qb2# 0-1